Statistics for Richest Countries in Asia

Click here to take the quiz!

General Stats

  • This quiz has been taken 47 times
  • The average score is 8 of 10

Answer Stats

GDP per capita Country % Correct
38 428Japan
98%
29 743South Korea
89%
57 714Singapore
89%
20 761Saudi arabia
86%
63 506Qatar
86%
23 655Bahrain
82%
29 040Kuwait
82%
28 291Brunei
73%
15 668Oman
73%
40 690United arabic emirates
5%

Score Distribution

Percentile by Number Answered

Percent of People with Each Score

Your Score History

You have not taken this quiz